000 00833nam a22002777a 4500
001 7263
003 FISKH
005 20250821142319.0
008 250704b cb ||||| |||| 00| 0 eng d
020 _a9780545244381
040 _aFISKH
_beng
_cFISKH
_dFISKH
050 _aQL737.R632 B47
082 _a599.37
100 _aBerger, Melvin
245 _aBeavers : Discovering my world /
_cby Melvin and Gilda Berger
260 _aNew York :
_bScholastic,
_c2010
300 _a16 pages :
_bcolor illustrations ;
_c23 cm
505 _aE
520 _aBrief text and pictures portray the characteristics and habits of beavers.
521 8 _a270
_bLexile estimate
521 8 _aE
_bRaz-Plus
650 _aAnimals
_vNonfiction Land Animals
700 _aBerger, Gilda
_eAuthor
942 _2ddc
_cBK
_n0
999 _c7263
_d7263